000 01068nam a2200277 a 4500
001 000025962
005 20240508203146.0
008 110217s1973 mx a r 000 | spa d
040 _aDO-SdBNP
_bspa
_cBNPHU
041 _aspa
_heng
_2Código de idioma MARC
082 _a020
_bT255b
240 0 _aThe library, an introduction for library assistants
_lEspañol
245 1 0 _aTécnicas del bibliotecario /
_ccompilación William C. Petru, Martha W. West ; tradución Orlando Espinosa de los Monteros.
260 _aMéxico, D. F. :
_bCentro Regional de Ayuda Técnica,
_c1973.
300 _a126 p. :
_bil. ;
_c23 cm.
500 _aIncluye glosario
500 _aBibliografía : p. 120-121
500 _aIncluye índice alfabético : p. 123-126
534 _aTítulo original :
_tThe library, an introduction for library assistants
650 4 _aBibliotecología
_952843
650 0 _aTecnología
_925821
700 1 _aPetru, William C.,
_952844
700 1 _aWest, Martha W.,
_952845
700 1 _aEspinosa de los Monteros, Orlando,
_etr.
_952846
049 _aBNGR
999 _c25454
_d25454